Biśvera prabāda. (Record no. 70066)

MARC details
000 -LEADER
fixed length control field 00503cam a22002171 4500
001 - CONTROL NUMBER
control field sa 66005635
003 - CONTROL NUMBER IDENTIFIER
control field DLC
005 - DATE AND TIME OF LATEST TRANSACTION
control field 20260227112250.0
008 - FIXED-LENGTH DATA ELEMENTS--GENERAL INFORMATION
fixed length control field 891109s1965 ii a 000 0 beno
010 ## - LIBRARY OF CONGRESS CONTROL NUMBER
LC control number sa 66005635
035 ## - SYSTEM CONTROL NUMBER
System control number (OCoLC)20620802
040 ## - CATALOGING SOURCE
Original cataloging agency DLC
Transcribing agency WaU
Modifying agency DLC
042 ## - AUTHENTICATION CODE
Authentication code premarc
050 00 - LIBRARY OF CONGRESS CALL NUMBER
Classification number PN6409.B4
Item number I4
100 1# - MAIN ENTRY--PERSONAL NAME
Personal name Imam, Ibane.
245 10 - TITLE STATEMENT
Title Biśvera prabāda.
260 ## - PUBLICATION, DISTRIBUTION, ETC.
Date of publication, distribution, etc. [1965]
300 ## - PHYSICAL DESCRIPTION
Extent 279 p.
Other physical details illus.
Dimensions 22 cm.
500 ## - GENERAL NOTE
General note In Bengali.
650 #0 - SUBJECT ADDED ENTRY--TOPICAL TERM
Topical term or geographic name entry element Proverbs.

No items available.

Powered by Koha